La romanización en tierras valencianas : (Record no. 71059)

MARC details
000 -LEADER
campo de control de longitud fija 00693nmm a2200205Ia 4500
008 - DATOS DE LONGITUD FIJA--INFORMACIÓN GENERAL
campo de control de longitud fija 251105s9999||||xx |||||||||||||||||und||
020 ## - NÚMERO INTERNACIONAL ESTÁNDAR DEL LIBRO
Número Internacional Estándar del Libro 9788437061054
041 ## - CÓDIGO DE IDIOMA
Código de lengua del texto/banda sonora o título independiente spa
100 ## - ENTRADA PRINCIPAL--NOMBRE DE PERSONA
Nombre de persona Sánchez González, Luis
245 #0 - MENCIÓN DEL TÍTULO
Título La romanización en tierras valencianas :
Resto del título Una historia documental
264 ## - PRODUCCIÓN, PUBLICACIÓN, DISTRIBUCIÓN, FABRICACIÓN Y COPYRIGHT
Producción, publicación, distribución, fabricación y copyright [Madrid, España] :
Nombre del de productor, editor, distribuidor, fabricante Publicaciones de la Universidad de Valencia (PUV),
Fecha de producción, publicación, distribución, fabricación o copyright 2012
300 ## - DESCRIPCIÓN FÍSICA
Extensión 158 páginas
490 ## - MENCIÓN DE SERIE
Mención de serie Fora de Col·lecció
650 ## - PUNTO DE ACCESO ADICIONAL DE MATERIA--TÉRMINO DE MATERIA
Término de materia o nombre geográfico como elemento de entrada History of Europe: Spain
700 ## - ENTRADA AGREGADA--NOMBRE PERSONAL
Nombre de persona Sánchez González, Luis
700 1# - ENTRADA AGREGADA--NOMBRE PERSONAL
Nombre de persona Sapiña Navarro, Fernando
700 1# - ENTRADA AGREGADA--NOMBRE PERSONAL
Nombre de persona Seguí Marco, Juan José
856 ## - LOCALIZACIÓN Y ACCESO ELECTRÓNICOS
Identificador Uniforme de Recursos <a href="https://public.digitaliapublishing.com/a/35311">https://public.digitaliapublishing.com/a/35311</a>
942 ## - ELEMENTOS DE ENTRADA SECUNDARIOS (KOHA)
Tipo de ítem Koha Libro Digital

No items available.

Powered by Koha